000 00565nam a22002177a 4500
003 OSt
005 20220107122805.0
008 150914b xxu||||| |||| 00| 0 eng d
020 _a9788184874068
040 _cIIITMK
082 _a003.3 SAX/M
100 _aSaxena, Pratiksha
_97705
245 _aModeling and Simulation
_cby Pratiksha Saxena
250 _a2
260 _aNew Delhi,
_bNarosa Publishing House,
_c2014.
300 _axxii, 398p.
650 _aSYSTEM THEORY
_97706
650 _aMODELING
_97707
650 _aSIMULATION
_97708
942 _2ddc
_cBK
999 _c4818
_d4818